| 000 | 01086nam a2200325 i 4500 | ||
|---|---|---|---|
| 001 | 24671 | ||
| 003 | KOSZ 005 | ||
| 005 | 20191030143503.0 | ||
| 008 | 980715s1996 pl a |001 0 pol | ||
| 015 | _aPB 1997/3505 | ||
| 020 | _a8386123583 | ||
| 035 | _a(OCoLC)830132275 | ||
| 040 |
_aWA N _cWA N _dKOSZ 005/EG |
||
| 041 | _apol | ||
| 046 | _k1996 | ||
| 080 | _a51 | ||
| 080 | _a(075.8) | ||
| 100 | 1 |
_aSidorowicz, Józef. _eAutor |
|
| 245 | 1 | 0 |
_aMatematyka. _nT. 1 / _cJózef Sidorowicz. |
| 260 |
_aKoszalin : _bWydaw. Uczelniane Wyższej Szkoły Inżynierskiej, _c1996. |
||
| 300 |
_a458 s. : _brys., wykr., err. ; _c23 cm. |
||
| 380 | _aKsiążki. | ||
| 504 | _aIndeks. | ||
| 521 | _aWykłady dla studentów wydziałów technicznych. | ||
| 650 | 4 |
_aMatematyka _xszkoły wyższe. |
|
| 655 | 4 | _aPodręczniki akademickie | |
| 710 | 2 |
_aWydawnictwo Uczelniane (Wyższa Szkoła Inżynierska ; Koszalin) _4pbl. |
|
| 856 |
_uhttp://koha.tu.koszalin.pl/cgi-bin/koha/opac-detail.pl?biblionumber=24671 _yKatalog online BPK |
||
| 942 |
_2UKD _cKS |
||
| 999 |
_c24671 _d24671 |
||